| 000 | 00468pab a2200157 454500 | ||
|---|---|---|---|
| 008 | 180718b2001 xxu||||| |||| 00| 0 eng d | ||
| 100 | _aBrillantes, Alex B. | ||
| 245 | _aDoing things differently: innovations in local governance in the Philippines | ||
| 260 | _c2001 | ||
| 300 | _ap.84-96. | ||
| 362 | _aJan-Apr | ||
| 650 | _aLocal government - Philippines | ||
| 650 | _aLocal government | ||
| 773 | _aPhilippine Journal of Public Administration | ||
| 909 | _a64636 | ||
| 999 |
_c64636 _d64636 |
||